| 000 | 00700nac a22001931u 4500 | ||
|---|---|---|---|
| 020 | _a8121921910 | ||
| 082 |
_a621.313 _bM4746 |
||
| 090 |
_c2931 _d2931 |
||
| 100 | _aMehta ,V.K. | ||
| 245 |
_aPrinciples Of Electrical machines / _bV.K.Mehta ,Rohit Mehta. |
||
| 260 |
_aNew Delhi:[2005]. _bS.Chand and Company LTD, _cc[2005] |
||
| 300 |
_a509 ;7p.: _bill; _c20cm. |
||
| 504 | _aIncludes Index. | ||
| 650 | _aElectric machinery. | ||
| 650 | _aElectric motors. | ||
| 700 | _aMehta ,Rohit. | ||
| 942 |
_cBB _k621.313M4746 |
||
| 999 |
_c2931 _d2931 |
||